00254nam a2200097Ia 4500008004100000100002600041245003100067260004200098300000800140650000800148191201s2010 xx 000 0 und d aSILBERSCHATZ, Abraham 0aOperating Systems Concepts c2010bWiley Dreautech IndiaaN. Delhi a972 aCSE